000 00240nam a2200097Ia 4500
008 240331s9999 xx 000 0 und d
082 _bMEN
100 _aMenon, N
245 0 _aRecovering subversion,feminist politics beyond the law
942 _cL
999 _c2462
_d2462